000 00869cam a22002411i 4500
003 SA-RiAUC
005 20251019142943.0
008 251015s1987 su a g 0001f ara c
040 _aSA-JeALM
_bara
_cSA-RiAUC
_erda
072 7 _a073
082 0 4 _a813.03
_qSA-RiAUC
090 _a813.03
_bب ا غ
100 1 _aباغفار، هند صالح أحمد،
_d1374 هجري-
_eمؤلف.
245 1 0 _aرباط الولايا /
_cهند باغفار.
250 _aالطبعة الأولى.
264 1 _aجدة، السعودية :
_bهند باغفار،
_c1987
300 _a221 صفحة :
_bمصور ؛
_c24 سم
336 _aنص
_btxt
_2rdacontent
_3كتاب
337 _aبدون وسيط
_bn
_2rdamedia
650 7 _aالقصص العربية
_zالسعودية
_yقرن 14 هجري.
_2aucsh
942 _2ddc
_cBOOK
_n0
949 _aSA-JeALM
_d251015
_uosman123
_n1
999 _c12611
_d12611